Statistics for Bird Species by Family : Albatrosses

Click here to take the quiz!

General Stats

  • This quiz has been taken 15 times
  • The average score is 7 of 19

Answer Stats

Answer% Correct
Wandering Albatross
92%
Black-Browed Albatross
54%
Laysan Albatross
54%
Royal Albatross
54%
Gray-Headed Albatross
46%
Light-Mantled Albatross
46%
Chatham Albatross
38%
Black-Footed Albatross
31%
Buller's Albatross
31%
Short-Tailed Albatross
31%
Shy Albatross
31%
Sooty Albatross
31%
Waved Albatross
31%
Yellow-Nosed Albatross
31%
Antipodean Albatross
23%
Salvin's Albatross
23%
Tristan Albatross
23%
Amsterdam Albatross
15%
Campbell Albatross
8%

Score Distribution

Percentile by Number Answered

Percent of People with Each Score

Your Score History

You have not taken this quiz